01277nab a22002417a 4500003000400000005001700004008004100021040000700062100002800069245012100097260007300218300001300291500003600304505032900340505008200669650001800751650002600769650002700795650001700822650002600839650002200865773014800887OSt20251218114741.0190429b xxu||||| |||| 00| 0 spa d cPJ aPeláez Moll, Germán10aEl cambio de paradigma en la introducción del concepto de violencia de género digital /cGermán Peláez Moll. cCiudad Autónoma de Buenos Aires :aThomson Reuters La Ley, b2025. ap. 59-66 aCita: TR LALEY AR/DOC/726/2025. aSumario: I. Introducción.— II. Cambios tecnológicos, sociales y criminales. — III. Prevención de daños digitales y libertad de expresión.— IV. Las conductas más frecuentes de violencia de género digital.— V. El cambio de paradigma de las Leyes Olimpia y el proyecto de Ley Belén.— VI. Conclusión. tSi te interesa el texto completo, solicitalo a koha@justierradelfuego.gov.ar  0aDERECHO PENAL 0aVIOLENCIA DE GÉNERO 0aCIENCIA Y TECNOLOGÍA 0aACOSO SEXUAL 0aLIBERTAD DE EXPRESION 0aVIOLENCIA DIGITAL0 02658tRevista de derecho penal y criminología. Nº 4 - Mayo 2025dCiudad Autónoma de Buenos Aires : Thomson Reuters La Ley, 2017-x00347914